000 00943nam a22002417a 4500
001 6109
003 FISKH
005 20250317161511.0
008 250314b cb ||||| |||| 00| 0 eng d
020 _a9789996333262
040 _aFISKH
_bKhmer
_cFISKH
_dFISKH
050 _aPZ7
082 _a800
100 _aSokheng, Kong
245 _aអត្ថបទរឿងសង្ខេប​:
_cគង់ សុខហេង
_bសម្រាប់ថ្នាក់មធ្យមសិក្សាចំណេះទូទៅ ស្របតាមកម្មវិធិសិក្សាថ្មីរបស់ក្រសួងអប់រំ /
250 _aបោះពុម្ពលើកទី២
260 _aPhnom Penh :
_bPai Net ;
_c2014 .
300 _a239​​ pages :
_billustrations ;
_c20 cm .
650 _a អត្ថបទរឿងសង្ខេប
650 _aSynopsis
942 _2ddc
_cBK
_n0
999 _c6109
_d6109